000 00581nam a2200229 i 4500
001 C2-0007018
003 PPAK
005 20190630221847.0
008 970125s1984 my a|||| ||||| | may d
020 _a0091772087
040 _aPPAK
_beng
_cPPAK
_erda
082 0 4 _a796.345
_223
090 0 0 _a796.345
_bBAD
_dG
245 0 0 _aBadminton
264 1 _aKuala Lumpur :
_bFargoes ,
_c1984
300 _a64 pages :
_billustrations ;
_c17 cm
336 _2rdacontent
_atext
337 _2rdamedia
_aunmediated
338 _2rdacarrier
_avolume
650 1 0 _aBadminton
942 _ddc
_cB
999 _c2022
_d2022